Music Quiz

Random Music or Nintendo Quiz

Are you really Evanescence's #1 fan Quiz Stats

Quiz not verified by Sporcle

Challenge
Share
Tweet
Embed
Score 0/30 Timer 02:00
0 Plays Today
demo % Correct
Was this quiz hard yes or noYes
99.4%
are the lyrics to My immortal the original lyrics.No
98.4%
is there an official tourniquet music videoNo
98.4%
Are any of the tracks on fallen not remade for that cd?No
98.4%
Did evanescence release Bring me to life without male vocalsyes
95.8%
did some idiot kill themselves listening to tourniquet and did evanescence have to deal with the after math of the idiots decision?Yes
95.8%
what was their debut albumFallen
67.5%
who is the guy in the broken music videoShaun Morgan
58.2%
what is track 3 on the fallen cdEverybodys fool
54.3%
what album name begins with OOrigin
52.4%
what album has a red background with thorns on itorigin
52.4%
What song did amy lee write for the singer of seether. [her boyfriend at the time]You
43.1%
what song are these lyrics from: amy, marry me, promise you'll stay with me. oh you dont have to ask me you know youre all that i live foryou
43.1%
what is the lead singers name Amy lee
41.8%
On anywhere but home, what song is a cover? thoughtless
39.9%
demo % Correct
what is track 9 on fallenHello
38.9%
'my black backpack stuffed with broken dreams, 20 bucks should get me through the week' what song is that.Exodus
38.9%
what music video had wolves and a huge fancy dinner table in itcall me when your sober
37%
'if you need to leave the world you live in, lay your head down and stay a while, if you do not remember dreaming, something waits for you to dream again' song name? as it is shownImaginary
34.4%
what song talks about bipolar medication on the newer CDsLithium
34.4%
who originally wrote the cover song on anywhere but homekorn
33.4%
what color are amy lees eyesblue
33.1%
What was the first EP released in 1998Evanescence EP
30.2%
what about these lyrics?:: i would give the last breath from my chest, to give you all the things that my mind couldnt bear my immortal
30.2%
'never sleep never die' what song. off what albumWhisper Fallen
24.8%
what year was fallen released2003
23.5%
what piercing do you see on Amy lees face on the fallen album covereyebrow
21.5%
what album has thorns on it and an eyeanywhere but home
19.6%
what was the song exodus aboutbeing homeless
12.9%
what is track 1 on sound asleepgive unto me
10.6%

You're not logged in!

Compare scores with friends on all Sporcle quizzes.
Sign Up with Email
OR
Log In

You Might Also Like...

Show Comments

Extras

Top Quizzes Today


Score Distribution

Your Account Isn't Verified!

In order to create a playlist on Sporcle, you need to verify the email address you used during registration. Go to your Sporcle Settings to finish the process.